Fakty a hodnoty: k otázke hodnotovej neutrality vedy
Rôzne vrstvy problému vzťahu vedy a hodnôt, jeho rozličné dimenzie a spôsoby alternatívnej tematizácie. Dichotomické chápanie faktov a hodnôt nie je dobre obhájiteľné, ako nie je obhájiteľný ani predpoklad HNV.
Uložené v:
| Hlavný autor: | |
|---|---|
| Médium: | Kapitola |
| Jazyk: | Slovak |
| Predmet: | |
| Tagy: |
Žiadne tagy, Buďte prvý, kto otaguje tento záznam!
|
MARC
| LEADER | 00000naa a2200000 4500 | ||
|---|---|---|---|
| 001 | 0249765 | ||
| 005 | 20190104125241.9 | ||
| 041 | 0 | |a slo | |
| 044 | |a SK | ||
| 245 | 1 | 0 | |a Fakty a hodnoty: k otázke hodnotovej neutrality vedy |c Mariana Szapuová |
| 520 | |a Rôzne vrstvy problému vzťahu vedy a hodnôt, jeho rozličné dimenzie a spôsoby alternatívnej tematizácie. Dichotomické chápanie faktov a hodnôt nie je dobre obhájiteľné, ako nie je obhájiteľný ani predpoklad HNV. | ||
| 610 | 2 | 0 | |a filozofia |
| 610 | 2 | 0 | |a hodnota |
| 610 | 2 | 0 | |a veda |
| 610 | 2 | 0 | |a veda o vede |
| 610 | 2 | 0 | |a neutralita |
| 100 | 1 | |a Szapuová, Mariana | |